| 000 -ლიდერი |
| ფიქსირებული სიგრძის საკონტროლო ველი |
01161nam a2200241Ia 4500 |
| 001 - საკონტროლო ნომერი |
| საკონტროლო ველი |
16512 |
| 003 - საკონტროლო ნომრის იდენტიფიკატორი |
| საკონტროლო ველი |
GE_BSU |
| 005 - ბოლო ოპერაციის თარიღი და დრო |
| საკონტროლო ველი |
20250123164200.0 |
| 008 - ფიქსირებული სიგრძის მონაცემთა ელემენტები - ზოგადი ინფორმაცია |
| ფიქსირებული სიგრძის საკონტროლო ველი |
181216s1989||||ge |||||||||||||| ||geo|| |
| 040 ## - კატალოგიზაციის წყარო |
| Transcribing agency |
GE_BSU |
| 041 ## - ენის კოდი |
| Language code of text/sound track or separate title |
geo |
| 080 ## - უნივერსალური ათობითი კლასიფიკაციის ინდექსი |
| Universal Decimal Classification number |
821.353.1-31 რ-71 |
| 100 ## - მთავარი ჩანაწერი - პიროვნების სახელი |
| Personal name |
რობაქიძე, გ. (გრიგოლ, 1881-1962) |
| 9 (RLIN) |
24103 |
| 245 ## - ცნობა სათაურის შესახებ |
| Title |
გველის პერანგი ; ფალესტრა / |
| Statement of responsibility, etc |
გრიგოლ რობაქიძე ; [რედ. : ავთანდილ ჩხიკვიშვილი]. |
| 264 ## - წარმოების, გამოცემის, დისტრიბუციის და სხვა ცნობები |
| გამოცემის, წარმოების, დისტრიბუციის... ადგილი |
თბილისი : |
| გამოცემის, წარმოების, დისტრიბუციის... სახელწოდება |
მერანი, |
| გამოცემის, წარმოების, დისტრიბუციის... თარიღი |
1989. |
| 300 ## - ფიზიკური აღწერა |
| Extent |
383 გვ. ; |
| Dimensions |
22 სმ. |
| 490 ## - სერიის ცნობა |
| Series statement |
ქართული საბჭოთა რომანი / სერიის შემდგ.-რედ. : გურამ გვერდწითელი, გურამ ფანჯიკიძე |
| 653 ## - INDEX TERM--UNCONTROLLED |
| Uncontrolled term |
გველის პერანგი ; ფალესტრა |
| 653 ## - INDEX TERM--UNCONTROLLED |
| Uncontrolled term |
რომანი |
| 700 ## - ADDED ENTRY--PERSONAL NAME |
| Personal name |
ჩხიკვიშვილი, ავთანდილ |
| Relator term |
რედაქტორი |
| 9 (RLIN) |
24104 |
| 942 ## - ADDED ENTRY ELEMENTS (KOHA) |
| Koha item type |
წიგნი |
| Source of classification or shelving scheme |
|